[Event "62.Camp. Veneto Quarti di Finale"]
[Site "Arquà Petrarca ITA"]
[Date "2002.05.11"]
[Round "4.1"]
[White "Sartori, Spartaco"]
[Black "Rossato, Armando"]
[Result "0-1"]
[WhiteElo "2149"]
[BlackElo "2025"]
[Annotator "Gabriele Ballarin"]
[PlyCount "102"]
[EventDate "2002.05.04"]
[EventType "swiss"]
[EventRounds "6"]
[EventCountry "ITA"]

1. c4 e5 2. Nc3 d6 3. Nf3 f5 4. d4 e4 5. Bg5 Nf6 6. Nd2 c6 7. e3 Be7 8. Be2 Nbd7 9. b4 O-O 10. h4 Kh8 11. h5 d5 12. c5 Ne8 13. Bf4 Nc7 14. Bf1 Ne6 15. Ne2 b6 16. g3 Ba6 17. Nb3 Bc4 18. Nd2 Bd3 19. Nc3 Bxf1 20. Kxf1 b5 21. Nb3 Nxf4 22. gxf4 Rf6 23. Ne2 Rh6 24. Ng3 Qf8 25. a4 g5 26. axb5 cxb5 27. fxg5 Bxg5 28. f4 exf3 29. Qxf3 Re6 30. Qxd5 Rxe3 31. Qxd7 Rxb3 32. Rg1 Bh4 33. Qd6 Re8 34. Qf4 Qe7 35. d5 Bxg3 36. Qd4+ Be5 37. Qd1 Bxa1 38. Qxa1+ Qe5 39. Qxe5+ Rxe5 40. Kf2 Rxb4 41. Rd1 Re8 42. d6 Rc4 43. Rd5 Rd8 44. Ke3 b4 45. Kd3 Rc3+ 46. Kd2 a5 47. Rxf5 a4 48. Rf4 Rxc5 49. Rxb4 Rxd6+ 50. Ke3 Ra5 51. Rb2 a3 0-1

[Event "62.Camp. Veneto Quarti di Finale"]
[Site "Arquà Petrarca ITA"]
[Date "2002.05.11"]
[Round "4.6"]
[White "Cedriano, Filippo"]
[Black "Quaranta, Cristiano"]
[Result "1-0"]
[WhiteElo "1624"]
[BlackElo "1783"]
[Annotator "Gabriele Ballarin"]
[PlyCount "96"]
[EventDate "2002.05.04"]
[EventType "swiss"]
[EventRounds "6"]
[EventCountry "ITA"]

1. e4 c5 2. Nf3 a6 3. c4 Nc6 4. d4 cxd4 5. Nxd4 Nf6 6. Nc3 e6 7. a3 Qc7 8. Be3 Be7 9. Be2 O-O 10. O-O d6 11. f3 Bd7 12. g4 Na5 13. Rc1 Nxc4 14. Bxc4 Qxc4 15. Nd5 Qxf1+ 16. Qxf1 exd5 17. g5 Ne8 18. exd5 f6 19. h4 Bd8 20. g6 hxg6 21. Ne6 Bxe6 22. dxe6 f5 23. Qc4 Kh7 24. Qd5 Bxh4 25. Qxb7 Nf6 26. Rc7 Nh5 27. Bd4 Rg8 28. Bxg7 Nxg7 29. Rxg7+ Rxg7 30. Qxa8 Re7 31. Qd8 d5 32. Qxd5 Kg7 33. Qe5+ Bf6 34. Qd6 Kf8 35. b4 Kg7 36. Qxa6 Bd4+ 37. Kg2 Kf6 38. Qd3 Be5 39. a4 Rxe6 40. a5 Bd6 41. b5 Ke7 42. b6 Bb8 43. Qb5 Rd6 44. a6 Rd2+ 45. Kf1 Ra2 46. a7 Ra1+ 47. Ke2 Bd6 48. Qd5 Bg3 1-0

[Event "62.Camp. Veneto Quarti di Finale"]
[Site "Arquà Petrarca ITA"]
[Date "2002.05.11"]
[Round "4.8"]
[White "Zavagli, Massimo"]
[Black "Marson, Luca"]
[Result "1/2-1/2"]
[WhiteElo "1642"]
[BlackElo "1732"]
[Annotator "Gabriele Ballarin"]
[PlyCount "61"]
[EventDate "2002.05.04"]
[EventType "swiss"]
[EventRounds "6"]
[EventCountry "ITA"]

1. d4 Nf6 2. c4 g6 3. Nc3 Bg7 4. Nf3 d6 5. g3 O-O 6. Bg2 c5 7. O-O Nc6 8. dxc5 dxc5 9. Be3 Be6 10. Bxc5 Qa5 11. Be3 Bxc4 12. Qc1 Rfd8 13. Bh6 Bh8 14. Bd2 Qa6 15. Re1 Rac8 16. b3 Be6 17. Ng5 Nb4 18. Nxe6 Qxe6 19. a3 Nbd5 20. Qb2 Ne4 21. Bxe4 Qxe4 22. Nxe4 Bxb2 23. Ra2 Bg7 24. Bc1 Nc3 25. Nxc3 Rxc3 26. b4 f5 27. e4 fxe4 28. Bg5 Bf6 29. Bxf6 exf6 30. Rxe4 Kf7 31. b5 1/2-1/2

[Event "62.Camp. Veneto Quarti di Finale"]
[Site "Arquà Petrarca ITA"]
[Date "2002.05.11"]
[Round "4.9"]
[White "Chiumello, Roberto"]
[Black "Carlassara, Renato"]
[Result "0-1"]
[WhiteElo "1600"]
[BlackElo "1690"]
[Annotator "Gabriele Ballarin"]
[PlyCount "46"]
[EventDate "2002.05.04"]
[EventType "swiss"]
[EventRounds "6"]
[EventCountry "ITA"]

1. c4 Nf6 2. Nc3 c5 3. g3 d5 4. cxd5 Nxd5 5. Bg2 Nc7 6. e3 e5 7. Nge2 Qd7 8. O-O Nc6 9. a3 Be7 10. Qb3 O-O 11. Nd5 Na5 12. Nxe7+ Qxe7 13. Qc3 Nc6 14. b3 Bg4 15. Qc4 e4 16. Nc3 Ne5 17. Qxe4 f5 18. Qc2 Nf3+ 19. Kh1 Rf6 20. Bxf3 Bxf3+ 21. Kg1 Qe6 22. d4 f4 23. Ne4 Qh3 0-1

[Event "62.Camp. Veneto Quarti di Finale"]
[Site "Arquà Petrarca ITA"]
[Date "2002.05.11"]
[Round "4.10"]
[White "Mason, Andrea"]
[Black "Trangoni, Bruno"]
[Result "0-1"]
[WhiteElo "1503"]
[BlackElo "1671"]
[Annotator "Gabriele Ballarin"]
[PlyCount "56"]
[EventDate "2002.05.04"]
[EventType "swiss"]
[EventRounds "6"]
[EventCountry "ITA"]

1. d4 f5 2. e4 fxe4 3. Nc3 Nf6 4. Bg5 Nc6 5. d5 Ne5 6. Qd4 Nf7 7. Bxf6 exf6 8. O-O-O f5 9. f3 Bd6 10. fxe4 Be5 11. Qb4 a5 12. Qc4 b5 13. Nxb5 Ba6 14. Nf3 Bxb5 15. Qc5 Bf4+ 16. Kb1 Bxf1 17. Rhxf1 Bd6 18. Qd4 O-O 19. e5 Be7 20. e6 dxe6 21. dxe6 Nd6 22. Ne5 Bf6 23. Qd5 Kh8 24. Nd7 Re8 25. Rd3 Qe7 26. Re1 Rad8 27. Rde3 a4 28. Qa5 Nc4 0-1

[Event "62.Camp. Veneto Quarti di Finale"]
[Site "Arquà Petrarca ITA"]
[Date "2002.05.11"]
[Round "4.12"]
[White "Valentini, Luca"]
[Black "Bettera, Roberto"]
[Result "1-0"]
[WhiteElo "1785"]
[BlackElo "1594"]
[Annotator "Gabriele Ballarin"]
[PlyCount "69"]
[EventDate "2002.05.04"]
[EventType "swiss"]
[EventRounds "6"]
[EventCountry "ITA"]

1. e4 e5 2. Nf3 Nc6 3. Bb5 a6 4. Ba4 Nf6 5. O-O Nxe4 6. d4 b5 7. Bb3 d5 8. dxe5 Be6 9. Nbd2 Nc5 10. c3 Be7 11. Bc2 O-O 12. Nd4 Qd7 13. f4 f5 14. g4 Nxd4 15. cxd4 Ne4 16. Nxe4 dxe4 17. gxf5 Bxf5 18. Bb3+ Kh8 19. Be3 Bg4 20. Qc2 Bf3 21. Qf2 Rf5 22. Bd1 g5 23. Bxf3 exf3 24. Qxf3 Raf8 25. Qe4 gxf4 26. Bxf4 Qe6 27. Bg3 Rxf1+ 28. Rxf1 Rxf1+ 29. Kxf1 Qxa2 30. e6 Qc4+ 31. Kg2 Kg8 32. Qg4+ Kf8 33. Qf4+ Ke8 34. Qf7+ Kd8 35. Qg8+ 1-0

[Event "62.Camp. Veneto Quarti di Finale"]
[Site "Arquà Petrarca ITA"]
[Date "2002.05.12"]
[Round "4.12"]
[White "Canazza, Alessandro"]
[Black "Roberti, Ignazio"]
[Result "1-0"]
[WhiteElo "1600"]
[BlackElo "1769"]
[Annotator "Gabriele Ballarin"]
[PlyCount "67"]
[EventDate "2002.05.04"]
[EventType "swiss"]
[EventRounds "6"]
[EventCountry "ITA"]

1. d4 e6 2. c4 Nf6 3. g3 d5 4. Nf3 c6 5. Qc2 Nbd7 6. Bg2 Be7 7. O-O O-O 8. b3 Ne4 9. Nbd2 f5 10. Bb2 b6 11. Nxe4 fxe4 12. Ne5 Nxe5 13. dxe5 c5 14. Rad1 e3 15. cxd5 exf2+ 16. Rxf2 Rxf2 17. Kxf2 Bg5 18. d6 Qf8+ 19. Kg1 Be3+ 20. Kh1 Rb8 21. d7 Ba6 22. Bf3 Rd8 23. Qe4 Bg5 24. Qa4 Qf5 25. Be4 Bb7 26. Bxb7 Qc2 27. Qg4 Qxd1+ 28. Kg2 Rf8 29. Bf3 Rf5 30. Qa4 a6 31. Qc6 Rf7 32. Qxe6 Qxd7 33. Bd5 b5 34. Qxd7 1-0

[Event "62.Camp. Veneto Quarti di Finale"]
[Site "Arquà Petrarca ITA"]
[Date "2002.05.11"]
[Round "4.13"]
[White "Zuccarello, Gianni"]
[Black "Bassetto, Marco"]
[Result "0-1"]
[WhiteElo "1600"]
[BlackElo "1792"]
[Annotator "Gabriele Ballarin"]
[PlyCount "52"]
[EventDate "2002.05.04"]
[EventType "swiss"]
[EventRounds "6"]
[EventCountry "ITA"]

1. d4 d5 2. c4 c6 3. e3 Nf6 4. Nf3 Bf5 5. Bd3 Bxd3 6. Qxd3 e6 7. a3 Bd6 8. b4 Nbd7 9. c5 Bc7 10. Bb2 Qb8 11. h3 e5 12. dxe5 Nxe5 13. Nxe5 Bxe5 14. Bxe5 Qxe5 15. Qc3 Qg5 16. O-O O-O 17. Nd2 Rae8 18. Nf3 Qh5 19. a4 Ne4 20. Qd4 g5 21. Ne5 Re6 22. Ng4 f5 23. Nh2 g4 24. hxg4 fxg4 25. Qd1 Rg6 26. f3 Rh6 0-1

[Event "62.Camp. Veneto Quarti di Finale"]
[Site "Arquà Petrarca ITA"]
[Date "2002.05.11"]
[Round "4.14"]
[White "Guclu, Yaman"]
[Black "Maniero, Andrea"]
[Result "1-0"]
[WhiteElo "1774"]
[BlackElo "1600"]
[Annotator "Gabriele Ballarin"]
[PlyCount "63"]
[EventDate "2002.05.04"]
[EventType "swiss"]
[EventRounds "6"]
[EventCountry "ITA"]

1. e4 c5 2. Nf3 e6 3. d3 Qc7 4. Nc3 a6 5. a4 b6 6. g3 Bb7 7. Bg2 Nc6 8. O-O Nf6 9. Re1 d6 10. Bg5 O-O-O 11. d4 Be7 12. d5 Nb4 13. dxe6 fxe6 14. Bh3 Kb8 15. Bxe6 Bc8 16. Nd5 Nbxd5 17. exd5 h6 18. Bxf6 Bxf6 19. c3 Rhe8 20. Qd3 Bb7 21. Nd2 g5 22. Qg6 Bg7 23. Nc4 Rf8 24. a5 Rf6 25. axb6 Qe7 26. Qd3 Rdf8 27. Bc8 Qf7 28. Bxb7 Qxb7 29. Na5 Qxb6 30. Nc6+ Kc8 31. Rxa6 Qxb2 32. Ra8+ 1-0

[Event "62.Camp. Veneto Quarti di Finale"]
[Site "Arquà Petrarca ITA"]
[Date "2002.05.11"]
[Round "4.16"]
[White "Baracchi, Filippo"]
[Black "Di Giacomo, Antonio"]
[Result "1-0"]
[WhiteElo "1756"]
[BlackElo "1585"]
[Annotator "Gabriele Ballarin"]
[PlyCount "51"]
[EventDate "2002.05.04"]
[EventType "swiss"]
[EventRounds "6"]
[EventCountry "ITA"]

1. e4 e5 2. Nc3 d6 3. f4 Nf6 4. Nf3 Nbd7 5. Bc4 Nb6 6. Bb3 Bg4 7. d3 h6 8. h3 Bxf3 9. Qxf3 c6 10. O-O Be7 11. Qg3 Kf8 12. fxe5 dxe5 13. Qxe5 Bd6 14. Qf5 Nbd7 15. d4 Qb6 16. Be3 Re8 17. Bxf7 Kxf7 18. Qxd7+ Be7 19. e5 Rd8 20. Qf5 Rhe8 21. Ne4 Kg8 22. exf6 Bxf6 23. Nxf6+ gxf6 24. Qg6+ Kf8 25. Rxf6+ Ke7 26. Qf7# 1-0

[Event "62.Camp. Veneto Quarti di Finale"]
[Site "Arquà Petrarca ITA"]
[Date "2002.05.11"]
[Round "4.17"]
[White "Stiz, Massimiliano"]
[Black "Ferrari, Mario"]
[Result "1-0"]
[WhiteElo "1591"]
[BlackElo "1737"]
[Annotator "Gabriele Ballarin"]
[PlyCount "41"]
[EventDate "2002.05.04"]
[EventType "swiss"]
[EventRounds "6"]
[EventCountry "ITA"]

1. e4 e6 2. Nf3 c5 3. Nc3 Nc6 4. Bc4 a6 5. a4 Qc7 6. d3 Nf6 7. Be3 Ng4 8. Ng5 Nxe3 9. fxe3 Be7 10. Qh5 Bxg5 11. Qxg5 O-O 12. O-O Ne5 13. Bb3 f6 14. Qg3 Qc6 15. Nd5 Kh8 16. Qxe5 exd5 17. Qe7 h6 18. Qxf8+ Kh7 19. Bxd5 Qb6 20. Qg8+ Kg6 21. Bf7+ 1-0

[Event "62.Camp. Veneto Quarti di Finale"]
[Site "Arquà Petrarca ITA"]
[Date "2002.05.11"]
[Round "4.18"]
[White "Calicchia, Giovanni"]
[Black "Lorenzini, Adriano"]
[Result "0-1"]
[WhiteElo "1585"]
[BlackElo "1723"]
[Annotator "Gabriele Ballarin"]
[PlyCount "100"]
[EventDate "2002.05.04"]
[EventType "swiss"]
[EventRounds "6"]
[EventCountry "ITA"]

1. e4 c6 2. d4 d5 3. Nc3 dxe4 4. Nxe4 Nd7 5. Nf3 Ngf6 6. Ng3 e6 7. Bd3 c5 8. O-O Qc7 9. Re1 Bd6 10. c3 O-O 11. Bg5 h6 12. Bd2 b6 13. Qc1 Rd8 14. Bxh6 gxh6 15. Qxh6 Bf8 16. Qg5+ Bg7 17. h4 Nh7 18. Bxh7+ Kxh7 19. Qe7 Kg8 20. Ne5 Rf8 21. Nh5 Qd8 22. Qxd8 Rxd8 23. Nxg7 Kxg7 24. Nc6 Rh8 25. g3 Bb7 26. Ne5 Nxe5 27. dxe5 Rad8 28. Rad1 Bf3 29. Rd6 Rxd6 30. exd6 Rd8 31. Re3 Bd5 32. b3 Rxd6 33. Rd3 Rd7 34. c4 Bc6 35. Rxd7 Bxd7 36. f4 Bc6 37. Kf2 Be4 38. a3 Bc2 39. b4 Bb3 40. bxc5 bxc5 41. Ke3 f5 42. Kd3 Kh6 43. Kc3 Bd1 44. Kd2 Ba4 45. Ke3 Kh5 46. Ke2 Kg4 47. Kd2 Be8 48. Kc3 Kxg3 49. Kb3 Kxh4 50. a4 Kg3 0-1

[Event "62.Camp. Veneto Quarti di Finale"]
[Site "Arquà Petrarca ITA"]
[Date "2002.05.11"]
[Round "4.19"]
[White "Mocellin, Gianfranco"]
[Black "Ceccherini, Paolo"]
[Result "1/2-1/2"]
[WhiteElo "1675"]
[BlackElo "1516"]
[Annotator "Gabriele Ballarin"]
[PlyCount "45"]
[EventDate "2002.05.04"]
[EventType "swiss"]
[EventRounds "6"]
[EventCountry "ITA"]

1. e4 c6 2. d4 d5 3. e5 Bf5 4. Bd3 Bxd3 5. Qxd3 e6 6. Ne2 Nd7 7. O-O c5 8. Be3 cxd4 9. Bxd4 Ne7 10. Nd2 Nf5 11. f4 Be7 12. Nf3 O-O 13. c3 Rc8 14. Bf2 b6 15. Rac1 Nc5 16. Bxc5 Bxc5+ 17. Nfd4 Nxd4 18. cxd4 Be7 19. Rc2 Qd7 20. Rfc1 Qb7 21. a3 a6 22. Rc3 b5 23. Qc2 1/2-1/2

[Event "62.Camp. Veneto Quarti di Finale"]
[Site "Arquà Petrarca ITA"]
[Date "2002.05.11"]
[Round "4.20"]
[White "Minati, Donato"]
[Black "Sanavio, Giancarlo"]
[Result "0-1"]
[WhiteElo "1512"]
[BlackElo "1648"]
[Annotator "Gabriele Ballarin"]
[PlyCount "73"]
[EventDate "2002.05.04"]
[EventType "swiss"]
[EventRounds "6"]
[EventCountry "ITA"]

1. c4 Nf6 2. Nc3 e6 3. d4 d5 4. Bg5 Nbd7 5. e3 Be7 6. Nf3 O-O 7. Bd3 c6 8. O-O dxc4 9. Bxc4 Nd5 10. Ne4 h6 11. Bxe7 Qxe7 12. Rc1 b6 13. Bd3 Bb7 14. Bb1 Rac8 15. Ng3 c5 16. Qd3 f5 17. e4 Nf4 18. Qe3 Nxg2 19. Kxg2 f4 20. Qd3 fxg3 21. hxg3 cxd4 22. Rxc8 Rxc8 23. Qxd4 e5 24. Qe3 Nf6 25. a3 Qe8 26. Nh4 Qf7 27. Nf5 Rd8 28. f3 Qd7 29. Rf2 Kh7 30. Ba2 Qc7 31. g4 Ba6 32. Kg3 Rd3 33. Qe1 Bc4 34. Bb1 Rd7 35. Rh2 Kg6 36. Qc3 Be6 37. Nh4+ 0-1

[Event "62.Camp. Veneto Quarti di Finale"]
[Site "Arquà Petrarca ITA"]
[Date "2002.05.11"]
[Round "4.21"]
[White "Frascati, Francesco"]
[Black "Baracchi, Leonardo"]
[Result "1/2-1/2"]
[WhiteElo "1450"]
[BlackElo "1600"]
[Annotator "Gabriele Ballarin"]
[PlyCount "47"]
[EventDate "2002.05.04"]
[EventType "swiss"]
[EventRounds "6"]
[EventCountry "ITA"]

1. e4 e5 2. Nf3 Nc6 3. Bc4 Bc5 4. Nc3 d6 5. d3 Bg4 6. h3 Bh5 7. g4 Bg6 8. Be3 Bb6 9. h4 h6 10. h5 Bh7 11. g5 Bxe3 12. fxe3 hxg5 13. Qe2 Bg6 14. O-O-O Rxh5 15. Rxh5 Bxh5 16. Rh1 g6 17. Qf2 Nh6 18. Nd5 Na5 19. Nxg5 Qxg5 20. Nxc7+ Ke7 21. Nxa8 Nxc4 22. dxc4 Kd7 23. Qd2 Qe7 24. Qa5 1/2-1/2

[Event "62.Camp. Veneto Quarti di Finale"]
[Site "Arquà Petrarca ITA"]
[Date "2002.05.11"]
[Round "4.22"]
[White "Nizzardo, Mattia"]
[Black "Pomaro, Stefano"]
[Result "0-1"]
[WhiteElo "1452"]
[BlackElo "1626"]
[Annotator "Gabriele Ballarin"]
[PlyCount "72"]
[EventDate "2002.05.04"]
[EventType "swiss"]
[EventRounds "6"]
[EventCountry "ITA"]

1. e4 c6 2. d4 d5 3. exd5 cxd5 4. Nc3 Bf5 5. Bd3 Bxd3 6. Qxd3 e6 7. Qb5+ Qd7 8. Qxd7+ Kxd7 9. a3 Nc6 10. Nf3 g6 11. Bf4 Bg7 12. Rd1 Nge7 13. O-O Nf5 14. Ne5+ Nxe5 15. Bxe5 Bxe5 16. dxe5 Rhc8 17. Rd2 Rc4 18. Rfd1 Rac8 19. h3 h5 20. Rc1 g5 21. f3 Nd4 22. Rcd1 Nc6 23. Re1 Rd4 24. Rde2 a6 25. Kf2 Na5 26. Ke3 Rh4 27. Kd2 Nc4+ 28. Kc1 Nxa3 29. Nxd5 exd5 30. bxa3 Ra4 31. Re3 Rac4 32. R1e2 Ke6 33. Kb2 b5 34. Rb3 R8c5 35. Rbe3 d4 36. Re4 a5 0-1

[Event "62.Camp. Veneto Quarti di Finale"]
[Site "Arquà Petrarca ITA"]
[Date "2002.05.11"]
[Round "4.23"]
[White "Quaranta, Gaetano"]
[Black "Angelini, Francesco"]
[Result "0-1"]
[WhiteElo "1588"]
[BlackElo "1300"]
[Annotator "Gabriele Ballarin"]
[PlyCount "114"]
[EventDate "2002.05.04"]
[EventType "swiss"]
[EventRounds "6"]
[EventCountry "ITA"]

1. e4 e6 2. d4 d5 3. e5 c5 4. c3 Nc6 5. Nf3 Qb6 6. Be2 Bd7 7. O-O Nge7 8. dxc5 Qc7 9. Bf4 Ng6 10. Bg3 Bxc5 11. b4 Be7 12. Bb5 a6 13. Bxc6 Bxc6 14. Nbd2 b5 15. Nd4 Bb7 16. Rc1 O-O 17. N2f3 Qb6 18. Qe2 Rac8 19. Rfe1 Rc4 20. Rc2 Rfc8 21. Rec1 h6 22. a3 Nf8 23. Qe3 Qd8 24. Nd2 R4c7 25. f4 Bh4 26. Qf2 Be7 27. f5 Bg5 28. f6 gxf6 29. exf6 Rd7 30. Be5 Ng6 31. N4f3 Bxf6 32. Bxf6 Qxf6 33. Qg3 Qf4 34. Qf2 Ne5 35. Nxe5 Qxe5 36. Nf3 Qg7 37. Qe3 Rc4 38. Qa7 Rdc7 39. h3 d4 40. Ne1 Be4 41. Qxa6 Bxc2 42. Rxc2 Rxc3 43. Rxc3 dxc3 44. Qxb5 Qd4+ 45. Kh2 Qf4+ 46. Kh1 c2 47. Qb8+ Kg7 48. Nxc2 Qc1+ 49. Kh2 Qxc2 50. b5 Qc5 51. Qd8 Qe5+ 52. Kg1 Rc1+ 53. Kf2 Qe1+ 54. Kf3 Rc3+ 55. Kf4 Qe3+ 56. Kg4 Qg3+ 57. Kh5 Rc5+ 0-1

[Event "62.Camp. Veneto Quarti di Finale"]
[Site "Arquà Petrarca ITA"]
[Date "2002.05.11"]
[Round "4.24"]
[White "Busà, Michele"]
[Black "Sommacal, Giovanni"]
[Result "1-0"]
[WhiteElo "1543"]
[BlackElo "1300"]
[Annotator "Gabriele Ballarin"]
[PlyCount "70"]
[EventDate "2002.05.04"]
[EventType "swiss"]
[EventRounds "6"]
[EventCountry "ITA"]

1. Nf3 d5 2. g3 Nc6 3. d4 Bf5 4. c3 f6 5. Bg2 e5 6. dxe5 fxe5 7. Nh4 Be6 8. Qb3 b6 9. e4 Nge7 10. Bg5 h6 11. Ng6 Na5 12. Qa4+ Bd7 13. Bxe7 Bxe7 14. Qd1 Rg8 15. Qxd5 Rf8 16. Nxf8 Kxf8 17. Qxe5 Nc4 18. Qf4+ Bf6 19. O-O g5 20. Qf3 Ne5 21. Qe2 a6 22. Na3 Kg7 23. Rad1 Qf8 24. h3 Be7 25. b4 c5 26. b5 axb5 27. Nxb5 Ra5 28. Nc7 Qf7 29. f4 gxf4 30. Rxf4 Bf6 31. Nd5 Bb5 32. Qf2 Nd3 33. Rxd3 Bxd3 34. Rxf6 Qe8 35. Qf4 Qh5 1-0

[Event "62.Camp. Veneto Quarti di Finale"]
[Site "Arquà Petrarca ITA"]
[Date "2002.05.11"]
[Round "4.25"]
[White "Forzin, Gianluca"]
[Black "Zabeo, Gianpaolo"]
[Result "1-0"]
[WhiteElo "1482"]
[BlackElo "1300"]
[Annotator "Gabriele Ballarin"]
[PlyCount "75"]
[EventDate "2002.05.04"]
[EventType "swiss"]
[EventRounds "6"]
[EventCountry "ITA"]

1. e4 e5 2. Nf3 Nc6 3. Bb5 Nf6 4. O-O Bc5 5. Re1 d6 6. h3 O-O 7. c3 a6 8. Bxc6 bxc6 9. d4 exd4 10. cxd4 Bb4 11. Nc3 d5 12. exd5 cxd5 13. Bg5 Qd6 14. Qc2 Bd7 15. Bxf6 gxf6 16. Re3 f5 17. Ne5 c6 18. Nxd7 Qxd7 19. Rf3 Kh8 20. Rxf5 Rg8 21. Re1 Rg7 22. g3 Rag8 23. Re3 Be7 24. Kg2 Bh4 25. Ne2 Bg5 26. Ref3 h5 27. h4 Qe7 28. hxg5 Rxg5 29. Rxf7 Qe4 30. Qxe4 dxe4 31. Re3 Rg4 32. Rf4 Re8 33. Rxg4 hxg4 34. Nc3 Rb8 35. b3 Rf8 36. Rxe4 Rf3 37. Re3 Kg7 38. Rxf3 1-0

[Event "62.Camp. Veneto Quarti di Finale"]
[Site "Arquà Petrarca ITA"]
[Date "2002.05.11"]
[Round "4.27"]
[White "Crescenzio, Alberto"]
[Black "Barbetta, Cosimo"]
[Result "0-1"]
[WhiteElo "1300"]
[BlackElo "1510"]
[Annotator "Gabriele Ballarin"]
[PlyCount "65"]
[EventDate "2002.05.04"]
[EventType "swiss"]
[EventRounds "6"]
[EventCountry "ITA"]

1. e4 c5 2. b4 e6 3. Bb2 Nf6 4. d3 cxb4 5. a3 Nc6 6. Nf3 a6 7. Be2 b6 8. O-O Bb7 9. Re1 Rc8 10. h3 a5 11. c3 bxa3 12. Nxa3 Ba6 13. Nc2 Be7 14. Ncd4 Nxd4 15. Nxd4 O-O 16. c4 Bc5 17. Rc1 e5 18. Nf3 d6 19. Bc3 h6 20. Qd2 Bb7 21. Red1 Qe7 22. Qc2 Ra8 23. Ra1 Ra6 24. Rdb1 Rfa8 25. Qa4 Qc7 26. Ra2 Bc6 27. Qc2 a4 28. d4 exd4 29. Bxd4 Bxd4 30. Nxd4 Bxe4 31. Bd3 Bxd3 32. Qxd3 d5 33. Nb5 0-1

[Event "62.Camp. Veneto Quarti di Finale"]
[Site "Arquà Petrarca ITA"]
[Date "2002.05.11"]
[Round "4.28"]
[White "De Nard, Stefano"]
[Black "Alessi, Giovanni"]
[Result "1-0"]
[WhiteElo "1422"]
[BlackElo "1492"]
[Annotator "Gabriele Ballarin"]
[PlyCount "117"]
[EventDate "2002.05.04"]
[EventType "swiss"]
[EventRounds "6"]
[EventCountry "ITA"]

1. e4 e6 2. d4 c5 3. c3 Be7 4. Nf3 cxd4 5. cxd4 d5 6. e5 Nc6 7. Be3 Qb6 8. Qd2 Bd7 9. Nc3 Rc8 10. Bd3 Nb4 11. Be2 a6 12. O-O Bb5 13. Nxb5 axb5 14. a3 Nc6 15. b4 h6 16. Rfc1 f5 17. Qd3 g6 18. Qxb5 Qxb5 19. Bxb5 Kd7 20. Nd2 Bd8 21. Nb3 Bb6 22. Nc5+ Bxc5 23. Rxc5 Nge7 24. h4 Rcg8 25. Rac1 g5 26. hxg5 hxg5 27. g3 f4 28. Bd2 f3 29. Bxc6+ bxc6 30. b5 Rh5 31. bxc6+ Kc8 32. Ra5 Kc7 33. Bxg5 Nxc6 34. Bf6 Kb6 35. Rxc6+ Kxa5 36. Rxe6 Rb8 37. Bh4 Rb1+ 38. Kh2 Rf1 39. Rf6 Rxf2+ 40. Kg1 Re2 41. Rxf3 Rh8 42. Kf1 Rc2 43. e6 Rb8 44. Rf2 Rxf2+ 45. Kxf2 Ka4 46. e7 Kxa3 47. Kf3 Kb4 48. Kf4 Kb5 49. Ke5 Kc6 50. Ke6 Re8 51. g4 Ra8 52. Bf6 Re8 53. g5 Ra8 54. g6 Re8 55. Kf7 Kd7 56. g7 Ra8 57. g8=Q Rxg8 58. Kxg8 Ke8 59. Kg7 1-0

[Event "62.Camp. Veneto Quarti di Finale"]
[Site "Arquà Petrarca ITA"]
[Date "2002.05.11"]
[Round "4.29"]
[White "Arras, Antonio"]
[Black "Franco, Leopoldo"]
[Result "1-0"]
[WhiteElo "1446"]
[BlackElo "1400"]
[Annotator "Gabriele Ballarin"]
[PlyCount "61"]
[EventDate "2002.05.04"]
[EventType "swiss"]
[EventRounds "6"]
[EventCountry "ITA"]

1. e4 e5 2. Nf3 d6 3. d4 Bg4 4. dxe5 Bxf3 5. Qxf3 dxe5 6. Bc4 Nf6 7. Nc3 Bb4 8. O-O Bxc3 9. Qxc3 Nc6 10. Bg5 O-O 11. Rad1 Nd4 12. Qh3 Qe7 13. c3 Ne6 14. Bxf6 Qxf6 15. Rd7 Ng5 16. Qe3 Rfc8 17. f4 exf4 18. Rxf4 Qb6 19. Qxb6 cxb6 20. Bxf7+ Kh8 21. Bd5 Rf8 22. Rxf8+ Rxf8 23. h4 Nf3+ 24. gxf3 h6 25. Kg2 g5 26. hxg5 hxg5 27. e5 Rf5 28. e6 Re5 29. e7 Kg7 30. e8=Q+ Kf6 31. Qf7# 1-0

[Event "62.Camp. Veneto Quarti di Finale"]
[Site "Arquà Petrarca ITA"]
[Date "2002.05.11"]
[Round "4.30"]
[White "Chinello, Silvio"]
[Black "Colusso, Enrico"]
[Result "0-1"]
[WhiteElo "1300"]
[BlackElo "1446"]
[Annotator "Gabriele Ballarin"]
[PlyCount "104"]
[EventDate "2002.05.04"]
[EventType "swiss"]
[EventRounds "6"]
[EventCountry "ITA"]

1. e4 e5 2. Nf3 Nc6 3. d4 exd4 4. Nxd4 Nf6 5. Bg5 Be7 6. Nxc6 bxc6 7. Nc3 Nxe4 8. Nxe4 Bxg5 9. Bd3 Bh6 10. O-O O-O 11. Ng3 g6 12. b3 d5 13. Re1 Qd6 14. Qe2 Be6 15. a4 Rfe8 16. Qf3 Bg7 17. Rad1 Re7 18. Nf1 Rae8 19. Re2 Qd7 20. h3 Qd6 21. Qg3 Qb4 22. Ne3 Bc8 23. Rde1 Bc3 24. Rf1 d4 25. Ng4 Rxe2 26. Nf6+ Kg7 27. Nxe8+ Rxe8 28. Qxc7 Qb7 29. Qf4 Qe7 30. h4 Qe5 31. Qxe5+ Rxe5 32. f3 Re1 33. g4 Rxf1+ 34. Kxf1 Bd2 35. Ke2 Be3 36. Be4 c5 37. Bd3 h6 38. Bc4 a5 39. Kd3 f5 40. Bd5 Ba6+ 41. Bc4 Bb7 42. gxf5 gxf5 43. Ke2 Kf6 44. Bd3 Ke5 45. Bb5 Kf4 46. Kd3 Bxf3 47. Be8 Be4+ 48. Kc4 Bxc2 49. Kxc5 Bxb3 50. Kb5 Bd2 51. Bh5 d3 52. Kc5 Bc3 0-1

[Event "62.Camp. Veneto Quarti di Finale"]
[Site "Arquà Petrarca ITA"]
[Date "2002.05.11"]
[Round "4.31"]
[White "Meggiorin, Orlando"]
[Black "Mason, Michele"]
[Result "1-0"]
[WhiteElo "1432"]
[BlackElo "1800"]
[Annotator "Gabriele Ballarin"]
[PlyCount "48"]
[EventDate "2002.05.04"]
[EventType "swiss"]
[EventRounds "6"]
[EventCountry "ITA"]

1. e4 e5 2. Nf3 Nc6 3. d4 exd4 4. Bc4 Bc5 5. c3 dxc3 6. Bxf7+ Kxf7 7. Qd5+ Ke8 8. Qxc5 Qe7 9. Qxc3 Qxe4+ 10. Be3 Nf6 11. O-O d5 12. Re1 Kd8 13. Ng5 Qg6 14. Nd2 h6 15. Ngf3 Re8 16. Rac1 Bh3 17. g3 Rc8 18. b4 Ne4 19. Nxe4 Qxe4 20. Bg5+ hxg5 21. Rxe4 Rxe4 22. Qxg7 g4 23. Ng5 Rxb4 24. Qg8+ Kd7 1-0

[Event "62.Camp. Veneto Quarti di Finale"]
[Site "Arquà Petrarca ITA"]
[Date "2002.05.11"]
[Round "4.32"]
[White "Menin, Massimo"]
[Black "Levi Minzi, Matteo"]
[Result "0-1"]
[WhiteElo "1300"]
[BlackElo "1425"]
[Annotator "Gabriele Ballarin"]
[PlyCount "102"]
[EventDate "2002.05.04"]
[EventType "swiss"]
[EventRounds "6"]
[EventCountry "ITA"]

1. Nf3 d6 2. d4 Bg4 3. e3 Nf6 4. Be2 Bxf3 5. Bxf3 c6 6. O-O e6 7. c4 d5 8. b3 Bd6 9. Ba3 O-O 10. Bxd6 Qxd6 11. Nc3 Nbd7 12. Re1 e5 13. c5 Qe7 14. e4 exd4 15. Qxd4 dxe4 16. Nxe4 Nxe4 17. Rxe4 Qd8 18. Rae1 Nf6 19. Qxd8 Raxd8 20. R4e3 a5 21. g3 Rd2 22. a4 Nd7 23. Rc3 Rd8 24. Rce3 Nf6 25. Re7 R2d3 26. R1e3 R3d7 27. Rxd7 Nxd7 28. Rc3 g6 29. h4 Re8 30. Kf1 Re5 31. Bg2 Rxc5 32. Re3 Rc1+ 33. Ke2 Rc2+ 34. Kf3 Nc5 35. Re8+ Kg7 36. Re3 Rb2 37. Kg4 Rxf2 38. Bh1 Rb2 39. Bf3 Nxb3 40. Bd1 Nc5 41. Rc3 Rb4+ 42. Kh3 Nxa4 43. Ra3 b5 44. Bf3 c5 45. Bc6 c4 46. Bxb5 Rxb5 47. Rxa4 c3 48. Rc4 Rb3 49. Ra4 c2 50. Rc4 Rb2 51. Rc3 a4 0-1